000 00259nam a2200109Ia 4500
005 20251222175819.0
008 251222s9999||||xx |||||||||||||| ||spa||
082 _aDVD0070/J66L/1984
245 0 _aLos gritos del silencio
264 _bWarner Bros
942 _cDVD
999 _c40439
_d40439